El guarda del monte / (Record no. 115253)
[ view plain ]
| 000 -LEADER | |
|---|---|
| campo de control de longitud fija | 01119nam a2200253 i 4500 |
| 001 - NÚMERO DE CONTROL | |
| campo de control | 115253 |
| 003 - IDENTIFICADOR DE NÚMERO DE CONTROL | |
| campo de control | ES-MaACL |
| 005 - FECHA Y HORA DE LA ÚLTIMA TRANSACCIÓN | |
| campo de control | 20250707062624.0 |
| 007 - CAMPO FIJO DE DESCRIPCIÓN FÍSICA--INFORMACIÓN GENERAL | |
| campo de control de longitud fija | t| |
| 008 - DATOS DE LONGITUD FIJA--INFORMACIÓN GENERAL | |
| campo de control de longitud fija | 070227s1910 sp ||||1| spa d |
| 080 ## - NÚMERO DE LA CLASIFICACIÓN DECIMAL UNIVERSAL | |
| Número de la Clasificación Decimal Universal | 82"19"(082.2) |
| 100 1# - ENTRADA PRINCIPAL--NOMBRE DE PERSONA | |
| Nombre de persona | Picón, Jacinto Octavio, |
| Fechas asociadas al nombre | 1852-1923 |
| 9 (RLIN) | 91875 |
| 245 13 - MENCIÓN DEL TÍTULO | |
| Título | El guarda del monte / |
| Mención de responsabilidad, etc. | [Jacinto Octavio Picón. Don Pedro Franqueza, Conde de Villalonga / Antonio de Zayas. Sonetos de buen ayer / Emilio Carrere. El patio tranquilo: sainete comprimido / J. Lopez Silva. Retablo medieval / F. Villaespesa. Al cerrar los ojos / Ramiro de Maeztu. Confesión / Alberto Insúa. Pregón de flores / Manuel Machado. |
| 260 ## - PUBLICACIÓN, DISTRIBUCIÓN, ETC. | |
| Lugar de publicación, distribución, etc. | Madrid : |
| Nombre del editor, distribuidor, etc. | El Cuento Semanal, |
| Fecha de publicación, distribución, etc. | 1910. |
| 300 ## - DESCRIPCIÓN FÍSICA | |
| Extensión | [24] p. : |
| Otras características físicas | il. ; |
| Dimensiones | 26 cm. |
| 490 1# - MENCIÓN DE SERIE | |
| Mención de serie | El cuento semanal ; |
| Designación de volumen o secuencia | año 4, n. 209 |
| 500 ## - NOTA GENERAL | |
| Nota general | Páginas deterioradas. |
| 700 1# - ENTRADA AGREGADA--NOMBRE PERSONAL | |
| Nombre de persona | Zayas, Antonio de, |
| Fechas asociadas al nombre | 1871-1945 |
| 9 (RLIN) | 118118 |
| 700 1# - ENTRADA AGREGADA--NOMBRE PERSONAL | |
| Nombre de persona | Carrere, Emilio. |
| 9 (RLIN) | 35691 |
| 740 0# - ENTRADA AGREGADA--TÍTULO RELACIONADO/ANALÍTICO NO CONTROLADO | |
| Título relacionado o analítico no controlado | Autores y títulos tomados del interior del texto. |
| 830 03 - PUNTO DE ACCESO ADICIONAL DE SERIE-TÍTULO UNIFORME | |
| Título uniforme | El cuento semanal |
| Designación de volumen o secuencia | año 4, n. 209 |
| 9 (RLIN) | 185957 |
| 852 ## - LOCALIZACIÓN | |
| Ubicación | ES-MaACL |
| Número de control de estantería | G-4446(26) |
| Estatus retirado | Estado de pérdida | Estado de daño | No para préstamo | Biblioteca de origen | Biblioteca actual | Ubicación en estantería | Fecha de adquisición | Fuente de adquisición | Total de préstamos | Signatura topográfica completa | Código de barras | Visto por última vez | Precio de reemplazo | Tipo de ítem Koha |
|---|---|---|---|---|---|---|---|---|---|---|---|---|---|---|
| Biblioteca del Ateneo de Madrid | Biblioteca del Ateneo de Madrid | Depósito 2 | 17/01/2008 | G-4446(26) | 1120174 | 23/02/2023 | 23/02/2023 | Libro impreso |
